000 00282nam a22000857a 4500
999 _c23670
_d23670
003 NUST
005 20171208112115.0
008 131230b xxu||||| |||| 00| 0 eng d
020 _a1853430757
_cAvailable
040 _aDLC
_bDLC
_cRCMS
050 _a306.46 WIE
082 _a306.46 WIE
100 _aNorbert Wiener
_91409
245 _aThe Human Use Human Beings
_c Wiener Norbert
_bCybernetics and Society
260 _aLondon
_bFree Association Books
_c1989
300 _axxx,199,p:
_bill:
_c22,cm.
538 _iNew Arrivals Shelf 1 Row 1
600 _xCybernetics.Sociological Perspectives
_97073
856 _3Table of contents only
_uhttp://www.loc.gov/catdir/toc/ecip0716/2007017469.html
942 _2ddc
_cBK
_k306.46 WIE